Christmas Cookies by Images - Statistics

General Stats
  • This quiz has been taken 8 times
  • The average score is 2 of 16
Answer Stats
Picture Answer % Correct
Shortbread
88%
Linzer Cookies
38%
Pizzelle
38%
Pfeffernüsse
13%
Cuccidati
0%
Florentines
0%
Khrustyky
0%
Kolaczki
0%
Krumkake
0%
Melomakarona
0%
Rosettes
0%
Sandbakkels
0%
Speculaas
0%
Suspiros
0%
Torcetti
0%
Zimtsterne
0%
No matching quizzes found
Score Distribution
Percent of People with Each Score
Percentile by Number Answered
Your Score History
You have not taken this quiz